| 000 | 00550cam a2200217 4500 | ||
|---|---|---|---|
| 001 | 3127622 | ||
| 005 | 20180827040739.0 | ||
| 008 | 720630s1972 caua 000 0 eng | ||
| 010 | _a 70151306 | ||
| 020 | _a0805388087 | ||
| 040 |
_aDLC _cDLC _dDLC |
||
| 041 | _aeng | ||
| 080 | _a540.76 | ||
| 082 | 0 | 0 | _a540.76 |
| 100 | 1 | _a12 | |
| 101 | _aKIM | ||
| 240 | 1 | 0 | _aFreshman chemistry problems and how to solve them |
| 245 | 1 | 0 |
_aChemistry problems _c[by] M. J. Sienko. |
| 906 |
_a7 _bcbc _corignew _d2 _encip _f19 _gy-gencatlg |
||
| 942 |
_2ddc _cBK |
||
| 999 |
_c47331 _d47331 |
||